[Event "Korchnoi Chess Challenge"]
[Site "Zürich"]
[Date "2017.04.13"]
[Round "1.2"]
[White "Nepomniachtchi, Ian"]
[Black "Svidler, Peter"]
[Result "1/2-1/2"]
[WhiteElo "2751"]
[BlackElo "2747"]
[EventDate "2017.??.??"]
[Annotator "Bojkov,Dejan"]
[PlyCount "97"]
[Beauty "5636918101038"]
[EventType "team-tourn"]
[EventCountry "SUI"]
[WhiteClock "0:01:31"]
[BlackClock "0:04:18"]

1.e4 {When Mike asked me today to "show the 10,000 ways Nepo could have won" I got very excited. I anticipated viciously the moment in which I can expose a Super GM and make him a mere mortal, but...} 1...c5 2.Nf3 e6 3.d4 cxd4 4.Nxd4 Nc6 5.Nc3 a6 6.Nxc6 bxc6 7.e5 Qc7 8.Bf4 ( {Another way to play it is:} 8.Qe2 Rb8 9.f4 d5 10.exd6 Bxd6 {when Black seems fine as in Kobalia,M (2651) -Rublevsky,S (2695) Khanty-Mansiysk 2013} ) 8...f5 9.g4 {White attacks the king that stayed in the center, and will be happy if it castles short too.} 9...Ne7 10.gxf5 Nxf5 11.Bd3 Be7 $146 {A novelty. Another guru of the line played instead} ( 11...Rb8 12.Qf3 Rxb2 13.O-O Be7 14.Bxf5 exf5 15.Rad1 O-O {and Black got a wonderful position in Safarli,E (2471)-Laznicka,V (2594) Pardubice 2007} ) 12.Bxf5 exf5 13.Rg1 O-O 14.Qh5 {The most natural continuation. Two other queen moves deserve serious attention too.} ( 14.Qd2 $5 ) ( 14.Qd3 $5 ) 14...d5 {Svidler also plays in a very classical way, but it seems that Nepomniachtchi should be happier. His attack is running faster and this is what matters in these positions.} 15.O-O-O Kh8 {Believe it or not, but this prophylaxis makes things worse for Black. The computer suggests instead} ( 15...Bc5 {and claims that White is slightly better. I believe that it will change its mind if we guide it a bit. White looks way better.} ) 16.Rd3 {Both rooks are joining the queen. The black king seems desperately week.} 16...Be6 {The bishop hurries to help.} 17.Rdg3 {A clever idea to lure the black rook to f7 thus cutting the bishop away from the g8 square. This is the only moment where I found (sorry, the engine found) a clear win for White. Check this out:} ( 17.Rh3 Bg8 ( 17...h6 {would be easier} 18.Qxh6+ gxh6 19.Rxh6# ) 18.Ne2 $1 {So far nothing exceptional, all the white pieces join the party that the black king initiated. Now Black should make a move, let's say} ( {Not} 18.Bh6 $2 gxh6 19.Qxh6 Rf7 {when Black has everything defended.} ) 18...Rae8 {When the thunder strikes} 19.Bh6 $3 gxh6 20.Qxh6 Bd8 ( 20...Rf7 21.Nf4 {still leaves Svidler no defense against Nf4-g6 mate.} ) 21.Nf4 {and Nepomniachtchi can claim it "You've been Thunderstruck!"} ) 17...Rf7 18.Rh3 {The point behind the previous move.} ( 18.Ne2 $1 {OK, this was still winning. My bad.} ) 18...g5 {The only move.} ( 18...h6 $2 19.Bxh6 {would be mate.} ) 19.Bxg5 f4 20.Bxf4 {White sacrifices the exchange.} ( {Another computer line goes} 20.Qg6 Qxe5 21.Rh6 Rg7 22.Bxe7 Rxe7 ( 22...Rxg6 23.Rgxg6 ) 23.Rg5 Qe1+ 24.Nd1 Rf8 {White is better, but there is a lot of play ahead. As long as the second player is not checkmated he can play on and on.} ) ( {A calmer continuation was} 20.Bxe7 Qxe7 21.Rh4 Bf5 {when Black has compensation for a pawn.Next he will start advancing the central pawns.} ) ( {And} 20.Rh4 Qxe5 {is not clear at all.} ) 20...Raf8 21.Ne2 Bxh3 22.Qxh3 {It seems as White is winning nevertheless. He wants to put his queen on g3, push the e-pawn and checkmate on g7, g8 or along the long diagonal.} 22...Qc8 $1 {But Svidler is a defensive giant today.} ( {Instead} 22...Rxf4 $2 23.Nxf4 Rxf4 24.Qg3 {would had won for White.} ) 23.e6 ( {Or} 23.Qe3 Qe6 ) 23...Rxf4 24.Qg3 ( {The important point behind Svidler's queen move is seen in the line:} 24.Nxf4 Rxf4 25.Qg3 Qf8 ) 24...Rg8 25.Qxf4 Rxg1+ 26.Nxg1 Qxe6 27.Nf3 {It all ended in an endgame where White is up a pawn, but Black has serious drawing chances. Svidler has the right bishop on the board with all the pawns placed on light squares. The main problem for Nepo is that he does not have great outposts for the knight.} 27...Bd6 28.Qe3 Qf6 ( 28...Qxe3+ 29.fxe3 Kg7 30.Kd2 {might be also holdable. The bishop is often much bigger than the knight in these situation.} ) 29.Kb1 Kg7 30.a3 {The next moves are very logical. Both players are improving their positions bit by bit.} 30...a5 31.h3 h5 32.Qd3 ( 32.h4 $5 {might have been better.} ) 32...Bc5 33.Qe2 Kh6 34.h4 {The knight finally gets a great outpost, but will never reach it as both white pawns will be discovered.} 34...Qf5 35.Qa6 Qxf3 36.Qxc6+ Kg7 37.Qxc5 Qh1+ 38.Ka2 Qxh4 {The queen endgame is famous for drawing tendencies. A passed pawn can easily compensate for many extra pawns.} 39.Qxd5 Qg4 40.c4 h4 41.c5 Kf6 $3 {Another great move by Svidler. The passer is stopped. The obvious line was:} ( 41...h3 42.c6 h2 43.c7 h1=Q 44.Qxh1 Qc4+ 45.Kb1 Qxc7 46.Qd5 {when White should win.} ) 42.Qd8+ ( {Or} 42.c6 $4 Qe6 {when Black wins!} ) 42...Kf7 43.Qc7+ Kf6 44.Qd8+ Kf7 45.Qd3 Qe6+ 46.Kb1 Qe1+ 47.Ka2 Qe6+ 48.Ka1 ( {White would have to give perpetual anyway after} 48.b3 a4 $1 {since} 49.c6 $4 {once again loses to} ( 49.Qh7+ $11 {is a draw instead.} ) 49...Qxb3+ 50.Qxb3+ axb3+ 51.Kxb3 Ke7 ) 48...Qe1+ 49.Ka2 1/2-1/2

[Event "?"]
[Site "Moscow"]
[Date "2017.05.21"]
[Round "9"]
[White "Gelfand, Boris"]
[Black "Ding, Liren"]
[Result "0-1"]
[WhiteElo "2724"]
[BlackElo "2773"]
[EventDate "2017.??.??"]
[Annotator "Bojkov,Dejan"]
[PlyCount "70"]
[Beauty "7972419798049"]
[EventType "team-tourn"]
[EventCountry "RUS"]

1.d4 Nf6 2.c4 e6 3.g3 d5 4.Bg2 Bb4+ 5.Bd2 Be7 6.Nf3 O-O 7.O-O Nbd7 8.a4 ( {Similar positions to the one that we shall see later in the game can arise after} 8.Qc2 Ne4 9.Bf4 c6 10.Nc3 g5 11.Bc1 f5 12.b3 b6 13.Bb2 Bb7 {as in So,W (2822)-Nakamura,H (2793) Saint Louis 2017} ) 8...a5 9.Qc2 c6 10.Na3 Ne4 {Apparently, the Chinese GM was very well prepared to meet this line as Gelfand had used it earlier in the tournament.} ( {That game went} 10...Bd6 11.Ne1 Qe7 12.Nd3 e5 13.cxd5 Nxd5 14.Bxd5 $1 cxd5 15.Nb5 e4 16.Nf4 Nf6 17.Rfc1 {and White tortured his opponent for very long time, Gelfand,B (2724) -Tomashevsky,E (2696) Moscow 2017} ) 11.Bf4 $146 {A novelty. White lures the black pawn to g5 but this seems useful for Black.} ( {Previously White always developed the bishop to e3 at once} 11.Be3 f5 12.Ne1 g5 {You see what we are talking about...} 13.f3 Nd6 14.Nd3 Qe8 15.c5 {with a slight advantage for White in Hertneck,G (2572)-Bareev,E (2719) Germany 2002} ) 11...g5 $1 {"Critical move" (Ding)} 12.Be3 f5 {Now the position resembles the Stonewall Dutch with the white knight peculiarly placed on a3. Since Black is usually attacking on the kingside the inclusion of the g7-g5 move should be positive for him.} 13.Rad1 Bf6 ( {Black wants to fianchettoe the light-squared bishop but it does not work immediately:} 13...b6 $2 14.cxd5 cxd5 15.Qc6 {and Black is in trouble (Ding)} ) ( {In case of} 13...Bd6 14.Nb1 Qe7 15.Nc3 {the pawn on g5 is hanging and if} 15...g4 16.Ne1 {followed by Ne1-d3 and Be3-f4 (Ding). This will give White clear domination on the dark squares.} ) 14.Nb1 {The knight is useless on a3 and White sends it back into the game.} ( {But maybe} 14.Ne1 $5 {was more needed now following Hertneck's plan from above} 14...Qe7 ( 14...b6 $2 {is still not good} 15.cxd5 cxd5 16.Qc6 ) 15.f3 Nd6 16.c5 Nf7 17.f4 {with a roughly equal, but stable position.} ) 14...Qe7 15.Nc3 b6 {"Black is fine here." (Ding) "Black is very good." (Gelfand)} 16.Ne5 {After a long thought White decided to open the position.} ( {Gelfand disliked} 16.cxd5 cxd5 {as he lost a lot of tempoes for maneuvers with his queenside knight.} ) ( {Ding on the other hand suggested the curious line that he had investigated during Gelfand's thinking:} 16.Nxe4 fxe4 17.Nd2 ( 17.Ne1 {might also be an idea with f2-f3 to follow.} ) 17...Ba6 18.cxd5 cxd5 19.Nb1 Rac8 20.Nc3 Nb8 21.Qb3 Qb4 22.Qxb4 axb4 23.Nb5 Rc2 24.Rd2 b3 {with unclear position.} ) 16...Nxe5 17.dxe5 Bxe5 18.Bxb6 ( {The sacrifice} 18.Nxe4 fxe4 19.cxd5 cxd5 20.Bxe4 {does not work due to} 20...dxe4 21.Qxe4 Bb8 $1 22.Qxa8 Bb7 23.Bc5 Qf7 {when the white queen is trapped.} ) ( {Both players spent a lot of time calculating the line} 18.cxd5 cxd5 19.Bxb6 Rb8 20.Bd4 ( 20.Bxa5 $2 Qc5 {drops a piece for White.} ) ( 20.Nxe4 Rxb6 {is clearly better for Black.} ) 20...Bxd4 21.Rxd4 Qc5 {"I was not quite happy with this position." (Gelfand)} ) 18...Qb4 $1 ( {This is better than} 18...Rb8 19.Bxa5 Qc5 {as White can save the bishop here with} 20.Nxe4 fxe4 $6 21.b4 {(Ding)} ) 19.Nxe4 ( {Or} 19.Bd4 Bxd4 20.Rxd4 e5 ( 20...Qc5 {is an important finesse according to Gelfand.} ) 21.Na2 Qc5 22.Rdd1 {When Black seems fine (Ding)} ) 19...fxe4 20.cxd5 {The culmination of the battle. Unhappy with his position the Israeli GM goes for a piece sacrifice.} ( {Gelfand was unhappy with the position after} 20.Be3 Qxb2 21.Qxb2 Bxb2 22.Bxg5 Ba6 23.cxd5 cxd5 {which his opponent considered slightly better for Black. Gelfand disliked his bishop on g2. It was Mikhail Botvinnik who first realized that a fianchettoed bishop on g2 might be worse than the seemingly horrible black bishop on a6. He won a model game against his great rival Paul Keres on this theme.} ) ( {White comes short for just a move in the line:} 20.Bd4 Bxd4 21.Rxd4 Rb8 22.Qc1 h6 23.h4 Qxb2 {(Ding)} ) 20...Qxb6 21.Qxe4 Qxb2 22.dxc6 ( {In case of} 22.f4 gxf4 23.gxf4 Bf6 24.dxe6 Ra7 {Black retains coordination and keeps the extra piece.} ) ( {The Chinese GM had accurately calculated the forcing line after} 22.dxe6 Bxe6 23.f4 Bb3 24.fxe5 ( {Black also keeps his extra piece in the line} 24.Rd7 Bg7 25.Rb1 Qc3 26.Rd3 Qc5+ {(Ding)} ) 24...Bxd1 25.Rxd1 {is simly good for Black (Ding)} ) 22...Bc7 {"Black's play is very easy: move the queen back and Ra8-b8. " (Ding)} 23.Rd7 $5 {A practical chance, but Ding is merciless.} ( {Moves like} 23.h4 gxh4 24.Qxh4 Qf6 {"are only weakening my king in his favor" (Gelfand)} ) 23...Bxd7 24.cxd7 Qf6 25.Bh3 ( {Or} 25.Qc4 Ra7 26.Qc5 Bb8 27.Rd1 Rd8 28.Qb6 Rc7 29.Bh3 Kf7 {and Black consolidates (Gelfand, Ding)} ) 25...Rab8 {White does not have enough for the rook.} ( {But not} 25...Ra6 $2 26.Qb7 ) 26.Qxe6+ {Desperation.} ( {Or} 26.Bxe6+ Kg7 27.Bd5 Rb4 ) 26...Qxe6 27.Bxe6+ Kg7 28.Rc1 Kf6 29.Bg4 Bd8 30.Rc6+ Kg7 31.Bh5 Rb2 32.Rc8 Rd2 33.Be8 Bb6 34.Rb8 Rf6 ( 34...Rxd7 35.Rxb6 Rxe8 ) 35.e3 g4 {Congrats to Ding for his wonderful achievement!} 0-1

[Event "Moscow Grand Prix 2017"]
[Site "Moscow RUS"]
[Date "2017.05.14"]
[Round "3.5"]
[White "Mamedyarov, Shakhriyar"]
[Black "Adams, Michael"]
[Result "1-0"]
[WhiteElo "2772"]
[BlackElo "2747"]
[EventDate "2017.05.12"]
[Annotator "Bojkov,Dejan"]
[PlyCount "59"]
[Beauty "8251034834981"]
[EventType "tourn"]
[EventCountry "RUS"]

1.d4 Nf6 2.c4 e6 3.Nc3 Bb4 4.Nf3 b6 5.e3 Bb7 6.Bd3 O-O 7.O-O d5 8.cxd5 exd5 9.a3 Bd6 10.b4 Nbd7 ( {Another game of Mamedyarov saw} 10...a6 {A move that Black usually plays anyway and a move that Adams played one move later. Then after} 11.Qb3 Qe7 12.Ra2 Nbd7 13.Re2 b5 14.Nd2 Ne4 15.Nxd5 Bxd5 16.Qxd5 Nc3 17.Qc6 Nxe2+ 18.Bxe2 {with compensation for the exchange in Mamedyarov,S (2736)-Karjakin,S (2762) Baku 2015} ) 11.Qb3 a6 12.a4 {This is also a move that White plays sooner or later. It makes sense though to do it immediately as the dark-squared bishop may hop directly to a3. White is happy to trade these of bishops as the one on d6 is clearly superior to the one on c1.} ( {Another participant of the Grand Prix in Moscow played against:} 12.Bb2 {recently. After} 12...b5 13.a4 c6 14.Rfe1 Re8 15.a5 Ne4 16.Rad1 f5 {Black's position seemed perfectly fine, Le,Q (2718)-Vallejo Pons,F (2711) Almaty 2016} ) 12...Qe7 13.Rb1 ( 13.b5 {is comfortable for Black after} 13...axb5 14.Nxb5 c5 15.Ba3 Ba6 ) ( {If} 13.Ba3 c6 14.b5 {then Black has the standart reaction} 14...axb5 15.Bxd6 Qxd6 16.axb5 c5 {with equality.} ) 13...c6 {Now Adams is ready to meet the minority attack with b4-b5 with axb5 and c6-c5.} 14.a5 {This is the other way to play the position. Anatoly Karpov successfully used this idea to defeat Boris Spassky during their match in 1974. The queenside is blocked thus White can open the center with e3-e4.} 14...Rfb8 {The idea is to create counter play along the "b" file. Maybe Black should have defended with:} ( 14...b5 15.Nd2 h6 16.e4 dxe4 17.Ndxe4 Nxe4 18.Nxe4 Nf6 19.Re1 ( 19.Nc5 Rad8 ) 19...Bc8 {as in Giorgadze,G (2610)-Wintzer,J (2351) Sanxenxo 2007} ) 15.axb6 ( 15.Na4 $5 {to put the knight on c5 was interesting as well.} ) 15...Bc8 {Consistent, but dubious.} ( {Black could have used the rook into the defense after} 15...Nxb6 16.e4 dxe4 17.Nxe4 Nxe4 18.Re1 Re8 19.Bxe4 g6 {White is better here as well, but Black may hold.} ) 16.Qc2 $146 {A novelty by Mamedyarov. We know that he wants to open up the center and the queen is perfectly placed for that.} ( {White also got a much better position in a correspondence game:} 16.e4 Nxe4 17.Re1 Ndf6 18.Na4 Bf5 19.Qc2 Bxb4 20.Re2 {Kalchev,J (2498) -MacKintosh,I (2469) corr. 2005} ) 16...Nxb6 17.e4 dxe4 18.Nxe4 {The center is opened and Black has very few defenders left on the kingside.} 18...Nxe4 ( {If} 18...Nbd5 19.Re1 Qc7 20.Nxf6+ Nxf6 21.Bg5 {and Black cannot avoid the doubling of the pawns on the f-file:} 21...Be7 22.Bxf6 Bxf6 $4 23.Re8# ) ( {The pawn capture} 18...Bxb4 {does not help at all after} 19.Nxf6+ ( 19.Ne5 {is also great.} ) 19...gxf6 20.Bxh7+ ) 19.Bxe4 h6 $6 {Another inaccuracy.} ( 19...g6 {looks more resilent although Mamedyarov retains clear edge after} 20.Re1 Qc7 21.Bh6 $1 {Playing for the attack.} ( {But not} 21.Qxc6 Qxc6 22.Bxc6 Bb7 {which gives Black decent survival chances.} ) ) 20.Re1 Qc7 ( {In case of} 20...Qd8 21.Bxc6 Bb7 {White can win the queen} 22.Re8+ Qxe8 23.Bxe8 Rxe8 24.Ne5 {and even though some chances for a fortress exist White should be able to convert the advantage.} ) ( {Probably best was} 20...Qf8 {although after} 21.Ne5 Bxe5 22.dxe5 Bd7 23.Be3 {White is clearly better thanks to his excellent pawn structure and bishop pair.} ) 21.Bh7+ Kf8 22.Ne5 {It is so easy to bring all the pieces into the attack for White!} 22...Nd5 {This loses on the spot, but there was no defense anyway.} ( {Or} 22...Bb7 23.Rb3 $1 {with the threats of Ne5xf7 and Rb3-f3 and Black is helpless. Say} 23...Bxe5 24.dxe5 Re8 25.e6 $1 Rxe6 26.Rxe6 fxe6 27.Rf3+ Ke7 28.Qc5+ ) 23.Nxf7 $1 {A neat blow to wrap up the game.} 23...Qxf7 ( 23...Kxf7 24.Qg6+ Kf8 25.Re8# ) 24.Bg6 Bf5 ( {Everything drops after} 24...Qd7 25.Re8+ Qxe8 26.Bxe8 Kxe8 27.Qxc6+ ) 25.Bxf5 Nxb4 ( {The choice was constant pain after} 25...Re8 26.Bd2 Rxe1+ 27.Rxe1 Re8 ) 26.Qe4 {There is no defense against the combined attack on the light squares and the open e- and f-files.} 26...Nd5 ( 26...Re8 27.Be6 ) 27.Be6 Qf6 ( 27...Re8 28.Rb3 $1 ) 28.Rxb8+ Rxb8 29.Qh7 g5 30.Qg8+ {Adams resigned before the discovered check.} ( 30.Qg8+ Ke7 31.Bh3+ ) 1-0